| 000 | 00345nam a22001457a 4500 | ||
|---|---|---|---|
| 020 | _a9788181288141 | ||
| 020 | _a0387988599 | ||
| 082 |
_a511.5 _bBAL/TE |
||
| 100 | _aBalakrishnan, R | ||
| 245 | _aTextbook of graph theory | ||
| 260 |
_aNew Delhi _bSpringer (India) Pvt. Ltd. _c2000 |
||
| 300 | _a228 | ||
| 700 | _aRanganathan, K | ||
| 942 | _cBK | ||
| 999 |
_c13721 _d13721 |
||